[Event "Moscow-ch act"]
[Site "Moscow"]
[Date "2010.10.03"]
[Round "4"]
[White "Hramtsov, Alexander"]
[Black "Merezhko, Igor"]
[Result "0-1"]
[WhiteElo "2366"]
[BlackElo "2238"]
[PlyCount "88"]
[EventDate "2010.10.03"]
[EventType "swiss"]
[EventRounds "9"]
[EventCountry "RUS"]
[SourceTitle "EXT 2012"]
[Source "ChessBase"]
[SourceDate "2011.11.24"]
[SourceVersion "1"]
[SourceVersionDate "2011.11.24"]
[SourceQuality "1"]

1. g3 c5 2. Bg2 Nc6 3. e4 g6 4. c3 e6 5. Ne2 Bg7 6. d4 cxd4 7. Nxd4 Nge7 8. Nb5 d5 9. exd5 exd5 10. Bf4 Ne5 11. Qe2 f6 12. 0-0 0-0 13. Nd4 N7c6 14. Rd1 Bg4 15. f3 Bd7 16. Na3 Be8 17. Be3 Bf7 18. f4 Nxd4 19. Bxd4 Nc6 20. Nc2 Nxd4 21. Nxd4 Qb6 22. Qf2 f5 23. Rd2 Rad8 24. Rad1 Rd7 25. Nb3 d4 26. Nxd4 Bxa2 27. h4 Rfd8 28. Bf3 Bd5 29. Bxd5+ Rxd5 30. Kh2 h5 31. Qe3 Bxd4 32. cxd4 R8d7 33. Rc1 Rd8 34. Rc4 Qd6 35. Qb3 b6 36. Rb4 Kh7 37. Rc4 Kh6 38. Qc3 Rd7 39. Qe3 Re7 40. Qf3 Re4 41. Qf2 Qd7 42. Rb4 Ra5 43. Rb3 Qd5 44. Qg2 Qxb3 0-1

[Event "Moscow-ch"]
[Site "Moscow"]
[Date "1996.??.??"]
[Round "8"]
[White "Gorelov, Sergey G"]
[Black "Hramtsov, Alexander"]
[Result "1-0"]
[WhiteElo "2485"]
[BlackElo "2350"]
[PlyCount "59"]
[EventDate "1996.08.??"]
[EventType "swiss"]
[EventRounds "11"]
[EventCountry "RUS"]
[SourceTitle "CBM 055 Extra"]
[Source "ChessBase"]
[SourceDate "1997.01.01"]
[SourceVersion "1"]
[SourceVersionDate "1997.01.01"]
[SourceQuality "1"]

1. d4 d5 2. Nf3 c6 3. c4 e6 4. Qc2 Nf6 5. g3 Be7 6. Bg2 0-0 7. 0-0 Nbd7 8. b3 b5 9. c5 b4 10. a3 bxa3 11. Nc3 Bb7 12. e4 Nxe4 13. Nxe4 dxe4 14. Qxe4 Nf6 15. Qc2 Nd5 16. Rxa3 Bf6 17. Bd2 Qe7 18. Rfa1 a6 19. Ba5 Rfb8 20. Bf1 Bc8 21. Bd2 Ra7 22. h4 h6 23. Qe4 Qd7 24. Bd3 Kf8 25. Qh7 Ke7 26. Ne5 Bxe5 27. dxe5 Nc7 28. Rd1 Ne8 29. Bc4 Qd4 30. Bg5+ 1-0

[Event "Moscow-ch"]
[Site "Moscow"]
[Date "1996.??.??"]
[Round "2"]
[White "Hramtsov, Alexander"]
[Black "Odesskij, Ilia"]
[Result "1/2-1/2"]
[WhiteElo "2350"]
[BlackElo "2445"]
[PlyCount "45"]
[EventDate "1996.08.??"]
[EventType "swiss"]
[EventRounds "11"]
[EventCountry "RUS"]
[SourceTitle "CBM 055 Extra"]
[Source "ChessBase"]
[SourceDate "1997.01.01"]
[SourceVersion "1"]
[SourceVersionDate "1997.01.01"]
[SourceQuality "1"]

1. g3 g6 2. Bg2 Bg7 3. e4 d6 4. Ne2 Nf6 5. c4 0-0 6. Nbc3 c5 7. Rb1 Nc6 8. a3 Ne8 9. b4 Nc7 10. 0-0 Ne6 11. d3 Ned4 12. f4 Bg4 13. h3 Bxe2 14. Nxe2 Nxe2+ 15. Qxe2 Rb8 16. bxc5 Nd4 17. Qd1 dxc5 18. e5 Qd7 19. Be3 f6 20. exf6 Bxf6 21. Kh2 Kh8 22. Bxd4 Bxd4 23. Qg4 1/2-1/2

[Event "Moscow-ch"]
[Site "Moscow"]
[Date "1996.??.??"]
[Round "1"]
[White "Sazonova, Elena"]
[Black "Hramtsov, Alexander"]
[Result "0-1"]
[WhiteElo "2250"]
[BlackElo "2350"]
[PlyCount "114"]
[EventDate "1996.08.??"]
[EventType "swiss"]
[EventRounds "11"]
[EventCountry "RUS"]
[SourceTitle "CBM 055 Extra"]
[Source "ChessBase"]
[SourceDate "1997.01.01"]
[SourceVersion "1"]
[SourceVersionDate "1997.01.01"]
[SourceQuality "1"]

1. e4 g6 2. d4 Bg7 3. Nc3 Nc6 4. Be3 d5 5. Nxd5 e6 6. Nf4 Nxd4 7. c3 Nc6 8. Qxd8+ Nxd8 9. 0-0-0 e5 10. Nd5 Ne6 11. Nf3 c6 12. Nb4 Nf6 13. Nxe5 Nxe4 14. f4 0-0 15. Bd3 N6c5 16. Bc2 Be6 17. Nbd3 Nxd3+ 18. Rxd3 Nf6 19. Rhd1 Nd5 20. Bd2 Rfe8 21. Rg3 Rad8 22. Nf3 Ne7 23. Ng5 Bf5 24. Re3 h6 25. Nf3 Be6 26. Rde1 Nd5 27. R3e2 Nc7 28. h3 Bc4 29. Re7 Rc8 30. f5 Rxe7 31. Rxe7 Kf8 32. Re4 Bf1 33. Rg4 g5 34. h4 f6 35. hxg5 fxg5 36. Be3 b6 37. Nd2 Be2 38. Re4 Re8 39. c4 Rxe4 40. Bxe4 c5 41. b3 Be5 42. Nf3 Bg3 43. Kd2 Bf1 44. Ne1 Ke7 45. Nc2 Kd6 46. Bg1 Ke5 47. Bc6 Bf4+ 48. Ne3 h5 49. Bb7 Ne8 50. Bf3 g4 51. Bc6 Nd6 52. Kc3 Bxe3 53. Bxe3 Nxf5 54. Bg5 h4 55. Kd2 h3 56. gxh3 Bxh3 57. Ke1 Nd4 0-1

[Event "Russian Winter op"]
[Site "Moscow"]
[Date "1991.??.??"]
[Round "?"]
[White "Hramtsov, Alexander"]
[Black "Martin, Andrew D"]
[Result "1/2-1/2"]
[WhiteElo "2300"]
[BlackElo "2430"]
[PlyCount "129"]
[EventDate "1991.??.??"]
[EventType "swiss"]
[EventRounds "9"]
[EventCountry "URS"]
[SourceTitle "TD"]
[Source "ChessBase"]
[SourceDate "1994.03.01"]
[SourceVersion "1"]
[SourceVersionDate "1994.03.01"]
[SourceQuality "1"]

1. g3 e5 2. Bg2 d5 3. c4 Nf6 4. cxd5 Nxd5 5. Nf3 Nc6 6. 0-0 Nb6 7. b3 Be7 8. Bb2 f6 9. d4 exd4 10. Nxd4 Nxd4 11. Qxd4 Qxd4 12. Bxd4 c6 13. a4 Be6 14. a5 Nd5 15. Nd2 a6 16. Ne4 Rd8 17. Bc5 Bxc5 18. Nxc5 Bc8 19. Ra4 Nc3 20. Rb4 Nb5 21. Rc1 Kf7 22. Be4 Rhe8 23. Bd3 Re7 24. Re4 Rxe4 25. Nxe4 Ke7 26. Nc5 Nd4 27. Rc4 h6 28. h4 g5 29. f3 f5 30. Kf2 Kf6 31. hxg5+ hxg5 32. g4 fxg4 33. fxg4 Ne6 34. Bf5 Nxc5 35. Rxc5 Bxf5 36. Rxf5+ Kg6 37. Re5 Rd4 38. Kf3 Rf4+ 39. Kg3 Rb4 40. e3 Rxb3 41. Kf3 Rb5 42. Re7 Kf6 43. Rc7 Ke6 44. Rg7 Rxa5 45. Rxb7 Rb5 46. Rg7 a5 47. Rg6+ Kd7 48. Ke4 Rd5 49. Rg7+ Kd6 50. Ra7 Rb5 51. Kd3 Kc5 52. Ra6 Kd5 53. Ra8 Kc5 54. Ra6 Kd6 55. Ra7 Rb4 56. Rxa5 Rxg4 57. Rf5 Rg1 58. Ke2 g4 59. Kf2 Rh1 60. Rg5 Rh2+ 61. Kg3 Re2 62. Kf4 Rf2+ 63. Ke4 Ra2 64. Rg6+ Kc5 65. Rxg4 1/2-1/2